La era de huesos (Record no. 16484)
[ view plain ]
| 000 -LEADER | |
|---|---|
| fixed length control field | 01448nam a22002417a 4500 |
| 001 - CONTROL NUMBER | |
| control field | sjds170003 |
| 003 - CONTROL NUMBER IDENTIFIER | |
| control field | sjds |
| 005 - DATE AND TIME OF LATEST TRANSACTION | |
| control field | 20170207152503.0 |
| 008 - FIXED-LENGTH DATA ELEMENTS--GENERAL INFORMATION | |
| fixed length control field | 170207b nyu||||| |||| 00| 0 spa d |
| 020 ## - INTERNATIONAL STANDARD BOOK NUMBER | |
| International Standard Book Number | 9781101873212 |
| Qualifying information | (pbk.) |
| 040 ## - CATALOGING SOURCE | |
| Transcribing agency | sjds |
| 041 ## - LANGUAGE CODE | |
| Language code of text/sound track or separate title | spa |
| Language code of original | eng |
| 100 ## - MAIN ENTRY--PERSONAL NAME | |
| Personal name | Shannon, Samantha |
| 245 13 - TITLE STATEMENT | |
| Title | La era de huesos |
| Statement of responsibility, etc. | Samantha Shannon ; traducción de Gemma Rovira. |
| 260 ## - PUBLICATION, DISTRIBUTION, ETC. (IMPRINT) | |
| Place of publication, distribution, etc. | Nueva York : |
| Name of publisher, distributor, etc. | Vintage Español, una división de Random House LLC, |
| Date of publication, distribution, etc. | c2014 |
| 300 ## - PHYSICAL DESCRIPTION | |
| Extent | 523 pages : |
| Other physical details | map ; |
| Dimensions | 21 cm |
| 520 ## - SUMMARY, ETC. | |
| Summary, etc. | En el año 2059, un siniestro régimen totalitario domina el planeta y los pocos clarividentes son perseguidos por delincuentes. Lo que no saben las masas es que sus dirigentes se han aliando con una fuerza aún más insidiosa, asentada en una cuidad secreta. Paige Mahoney, de diecinueve años, trabaja para una poderosa organización del hampa londinense. Paige es fuerte, rápida y tiene un don excepcional: es capaz de entrar en los pensamientos de los demás. En esta sociedad represiva cualquier acto de espiritismo ya es ilegal. Pero Paige comete alta traición por el simple hecho de respirar. En un mundo en el que los sueños están prohibidos, una joven luchará por su libertad, su vida y el futuro de la humanidad." -- page 4 of cover. |
| 650 ## - SUBJECT ADDED ENTRY--TOPICAL TERM | |
| Topical term or geographic name as entry element | Young women |
| Form subdivision | Fiction |
| 650 ## - SUBJECT ADDED ENTRY--TOPICAL TERM | |
| Topical term or geographic name as entry element | Clairvoyants |
| Form subdivision | Fiction |
| 651 ## - SUBJECT ADDED ENTRY--GEOGRAPHIC NAME | |
| Geographic name | London (England) |
| Form subdivision | Fiction |
| 730 ## - ADDED ENTRY--UNIFORM TITLE | |
| Uniform title | Bone season. |
| Language of a work | spa |
| 942 ## - ADDED ENTRY ELEMENTS (KOHA) | |
| Koha item type | Libro/Book |
| Withdrawn status | Lost status | Source of classification or shelving scheme | Damaged status | Not for loan | Home library | Current library | Shelving location | Date acquired | Total Checkouts | Full call number | Barcode | Date last seen | Price effective from | Koha item type |
|---|---|---|---|---|---|---|---|---|---|---|---|---|---|---|
| Dewey Decimal Classification | San Juan Del Sur -- Biblioteca | San Juan Del Sur -- Biblioteca | Fiction | 07/02/2017 | F Sha | 30024257 | 07/02/2017 | 07/02/2017 | Libro/Book |